[Event "NRW Class2 1516"]
[Site "Germany"]
[Date "2016.04.03"]
[Round "8.5"]
[White "Moors, Hans"]
[Black "Quelle, Helmut"]
[Result "1-0"]
[WhiteElo "2041"]
[BlackElo "2098"]
[PlyCount "51"]
[EventDate "2015.09.27"]
[EventType "team-tourn"]
[EventRounds "9"]
[EventCountry "GER"]
[SourceTitle "EXT 2017"]
[Source "ChessBase"]
[SourceDate "2016.10.25"]
[SourceVersion "1"]
[SourceVersionDate "2016.10.25"]
[SourceQuality "1"]
[WhiteTeam "Ennepe Ruhr Sued"]
[BlackTeam "Herford Koenigsspringer"]
[WhiteTeamCountry "GER"]
[BlackTeamCountry "GER"]

1. d4 Nf6 2. c4 g6 3. Nc3 Bg7 4. Nf3 0-0 5. g3 c6 6. Bg2 d5 7. cxd5 cxd5 8. Ne5 Be6 9. 0-0 Qb6 10. Na4 Qd8 11. Nc5 Bc8 12. Qb3 b6 13. Ncd3 Bb7 14. Bg5 Nbd7 15. Rac1 Nxe5 16. Nxe5 Ne4 17. Be3 e6 18. Rc2 Rc8 19. Rxc8 Qxc8 20. Qa4 Qa8 21. Rc1 Rc8 22. Rxc8+ Bxc8 23. Qe8+ Bf8 24. Bh6 Bb7 25. Qxf7+ Kh8 26. Bxf8 1-0

[Event "NRW Class2 1516"]
[Site "Germany"]
[Date "2016.02.14"]
[Round "6.5"]
[White "Quelle, Helmut"]
[Black "Hachmeister, Dirk"]
[Result "1/2-1/2"]
[WhiteElo "2098"]
[BlackElo "2154"]
[PlyCount "120"]
[EventDate "2015.09.27"]
[EventType "team-tourn"]
[EventRounds "9"]
[EventCountry "GER"]
[SourceTitle "EXT 2017"]
[Source "ChessBase"]
[SourceDate "2016.10.25"]
[SourceVersion "1"]
[SourceVersionDate "2016.10.25"]
[SourceQuality "1"]
[WhiteTeam "Herford Koenigsspringer"]
[BlackTeam "Neuenkirchen"]
[WhiteTeamCountry "GER"]
[BlackTeamCountry "GER"]

1. Nf3 Nf6 2. g3 b6 3. Bg2 Bb7 4. 0-0 e6 5. c4 c5 6. Nc3 Be7 7. Re1 0-0 8. e4 d6 9. d4 cxd4 10. Nxd4 Qc8 11. b3 Nbd7 12. Bb2 Rd8 13. Rc1 a6 14. Rc2 Qc7 15. Rd2 Rac8 16. Nde2 Qb8 17. Nf4 Ba8 18. Qe2 Bf8 19. h4 Nc5 20. Nh5 Nxh5 21. Qxh5 Bc6 22. Qd1 Be7 23. b4 Nd7 24. b5 Bb7 25. bxa6 Bxa6 26. Nb5 Ne5 27. Bxe5 dxe5 28. Rxd8+ Rxd8 29. Qa4 Bb7 30. Rd1 Rxd1+ 31. Qxd1 Bc6 32. Qe2 Bc5 33. Kh2 h6 34. h5 Qd8 35. Bf3 Qa8 36. Bh1 f5 37. f3 Qe8 38. g4 f4 39. Bg2 Qd8 40. Kh3 Bxb5 41. cxb5 Qd4 42. Bf1 Qg1 43. Qg2 Qe3 44. Bc4 Qe1 45. Bxe6+ Kf8 46. Bc4 Ke7 47. g5 hxg5 48. Qxg5+ Kd7 49. Qg4+ Kd8 50. Qh4+ Qxh4+ 51. Kxh4 Ke7 52. Kg5 Bb4 53. Kg6 Kf8 54. Kf5 Bc3 55. Ke6 Ke8 56. Kd6 Kf8 57. a4 Ke8 58. a5 Bxa5 59. Kxe5 Bd2 60. Kf5 Kf8 1/2-1/2

[Event "Dortmund Sparkassen op-A"]
[Site "Dortmund"]
[Date "2015.07.03"]
[Round "7"]
[White "Quelle, Helmut"]
[Black "Bomans, Arno"]
[Result "0-1"]
[WhiteElo "2159"]
[BlackElo "2269"]
[PlyCount "56"]
[EventDate "2015.06.27"]
[EventType "swiss"]
[EventRounds "9"]
[EventCountry "GER"]
[SourceTitle "CBM 167 Extra"]
[Source "ChessBase"]
[SourceDate "2015.09.14"]
[SourceVersion "1"]
[SourceVersionDate "2015.09.14"]
[SourceQuality "1"]

1. Nf3 f5 2. d3 d6 3. e4 e5 4. Nc3 c5 5. exf5 Bxf5 6. Nd5 Nf6 7. Nxf6+ Qxf6 8. Bg5 Qf7 9. c3 Nc6 10. Be2 h6 11. Be3 Be7 12. Qa4 Bd7 13. Qd1 d5 14. a3 a5 15. d4 e4 16. Ne5 Nxe5 17. dxe5 0-0 18. 0-0 Qe6 19. f4 exf3 20. Bxf3 Bc6 21. Re1 Rxf3 22. gxf3 Rf8 23. Rc1 d4 24. Bf2 Rxf3 25. cxd4 Qg4+ 26. Kf1 Bb5+ 27. Re2 Bh4 28. Ke1 Bxf2+ 0-1

[Event "Dortmund Sparkassen op-A"]
[Site "Dortmund"]
[Date "2015.06.29"]
[Round "3"]
[White "Quelle, Helmut"]
[Black "Mittelbachert, Ulrich"]
[Result "1-0"]
[WhiteElo "2159"]
[BlackElo "2003"]
[PlyCount "79"]
[EventDate "2015.06.27"]
[EventType "swiss"]
[EventRounds "9"]
[EventCountry "GER"]
[SourceTitle "CBM 167 Extra"]
[Source "ChessBase"]
[SourceDate "2015.09.14"]
[SourceVersion "1"]
[SourceVersionDate "2015.09.14"]
[SourceQuality "1"]

1. Nf3 g6 2. g3 Bg7 3. c4 e5 4. Nc3 Nc6 5. Bg2 d6 6. 0-0 Be6 7. d3 h6 8. Bd2 Qd7 9. Nd5 Nge7 10. e4 a5 11. Qa4 0-0 12. Qb5 Kh7 13. Bc3 a4 14. b3 Ra6 15. bxa4 Rfa8 16. a5 Bxd5 17. cxd5 Nb8 18. Qxb7 R6a7 19. Qb2 f5 20. Bh3 Na6 21. d4 Rb8 22. Qd2 Qa4 23. exf5 e4 24. fxg6+ Nxg6 25. Nh4 Nxh4 26. gxh4 Rf8 27. Rae1 c5 28. dxc6 d5 29. Bd7 Qa3 30. Re3 Qe7 31. Kh1 Rf4 32. Rg3 Qf6 33. Rfg1 Bf8 34. R1g2 Nb8 35. Be8 Rg7 36. Rxg7+ Bxg7 37. c7 e3 38. Qxe3 Re4 39. Bg6+ Qxg6 40. Rxg6 1-0

[Event "NRW Class2 1415"]
[Site "Germany"]
[Date "2014.11.16"]
[Round "3.5"]
[White "Haves, Reinhard"]
[Black "Quelle, Helmut"]
[Result "1/2-1/2"]
[WhiteElo "2124"]
[BlackElo "2070"]
[PlyCount "84"]
[EventDate "2014.09.14"]
[EventType "team-tourn"]
[EventRounds "9"]
[EventCountry "GER"]
[SourceTitle "EXT 2017"]
[Source "ChessBase"]
[SourceDate "2016.10.25"]
[SourceVersion "1"]
[SourceVersionDate "2016.10.25"]
[SourceQuality "1"]
[WhiteTeam "Neuenkirchen"]
[BlackTeam "Herford Koenigsspringer"]
[WhiteTeamCountry "GER"]
[BlackTeamCountry "GER"]

1. Nf3 Nf6 2. d4 g6 3. c4 Bg7 4. Nc3 0-0 5. g3 c6 6. Bg2 d5 7. Ne5 dxc4 8. Nxc4 Be6 9. Ne5 Nbd7 10. Nf3 Nd5 11. Bd2 Nxc3 12. Bxc3 Bd5 13. 0-0 Re8 14. Nh4 Bxg2 15. Nxg2 Nf6 16. Qb3 b6 17. Nf4 Ne4 18. Rad1 e6 19. Qc4 Rc8 20. a4 Qc7 21. Nd3 e5 22. dxe5 Nxc3 23. bxc3 Bxe5 24. f4 b5 25. axb5 cxb5 26. Qxb5 Bxc3 27. Nf2 Qc4 28. Qxc4 Rxc4 29. e4 a5 30. e5 Bd4 31. Kg2 h5 32. Ne4 Rb8 33. Rd3 a4 34. Rfd1 Rc2+ 35. Kf3 Bb6 36. Rb1 Kg7 37. h3 Rd8 38. Rxd8 Bxd8 39. Rb8 Be7 40. Rb7 Kf8 41. Rb8+ Kg7 42. Rb7 Kf8 1/2-1/2

[Event "NRW Class2 1314"]
[Site "Germany"]
[Date "2014.04.27"]
[Round "9.5"]
[White "Quelle, Helmut"]
[Black "Seegers, Hendrik"]
[Result "1/2-1/2"]
[WhiteElo "2084"]
[BlackElo "2159"]
[PlyCount "99"]
[EventDate "2013.09.15"]
[EventType "team-tourn"]
[EventRounds "9"]
[EventCountry "GER"]
[SourceTitle "EXT 2015"]
[Source "ChessBase"]
[SourceDate "2014.11.20"]
[SourceVersion "1"]
[SourceVersionDate "2014.11.20"]
[SourceQuality "1"]
[WhiteTeam "Herford"]
[BlackTeam "Neuenkirchen"]
[WhiteTeamCountry "GER"]
[BlackTeamCountry "GER"]

1. Nf3 d5 2. g3 e6 3. Bg2 Nf6 4. 0-0 Be7 5. d4 0-0 6. c4 b6 7. Nc3 Bb7 8. cxd5 Nxd5 9. Qc2 Nd7 10. e4 Nxc3 11. bxc3 c5 12. Rd1 cxd4 13. cxd4 Rc8 14. Qd3 Qc7 15. Bf4 Qc4 16. Qxc4 Rxc4 17. e5 Bd5 18. Ne1 Rfc8 19. Bxd5 exd5 20. Ng2 g5 21. Be3 f6 22. f4 Kf7 23. Bf2 gxf4 24. gxf4 Rg8 25. Kf1 fxe5 26. fxe5 Bg5 27. Rd3 Ke6 28. Rg3 Rg6 29. Rd1 Rc2 30. a3 b5 31. Rdd3 Nb6 32. h4 Bc1 33. Rxg6+ hxg6 34. Rf3 Ke7 35. Ne3 Ra2 36. Ng4 Rxa3 37. Rf6 b4 38. Be1 Ra4 39. Rc6 Nc4 40. Rc7+ Ke6 41. Rc6+ Kd7 42. Rc5 b3 43. Rxd5+ Kc6 44. Rc5+ Kb6 45. e6 b2 46. e7 Nd6 47. Rd5 Ne8 48. Rd8 Nc7 49. Bg3 Ra1 50. Bxc7+ 1/2-1/2

[Event "NRW Class2 1314"]
[Site "Germany"]
[Date "2013.12.08"]
[Round "4"]
[White "Quelle, Helmut"]
[Black "Sundorf, Jannik"]
[Result "1/2-1/2"]
[WhiteElo "2084"]
[BlackElo "2120"]
[PlyCount "110"]
[EventDate "2013.09.15"]
[EventType "team-tourn"]
[EventRounds "9"]
[EventCountry "GER"]
[SourceTitle "EXT 2015"]
[Source "ChessBase"]
[SourceDate "2014.11.20"]
[SourceVersion "1"]
[SourceVersionDate "2014.11.20"]
[SourceQuality "1"]
[WhiteTeam "Herford"]
[BlackTeam "Dortmund Hansa II"]
[WhiteTeamCountry "GER"]
[BlackTeamCountry "GER"]

1. Nf3 c5 2. g3 b6 3. Bg2 Bb7 4. 0-0 Nf6 5. c4 g6 6. Nc3 Bg7 7. Re1 0-0 8. e4 d6 9. d4 cxd4 10. Nxd4 Nfd7 11. Be3 Nc6 12. f4 Rc8 13. Nxc6 Bxc6 14. Rc1 a6 15. b3 b5 16. cxb5 axb5 17. Nd5 Re8 18. Re2 Bxd5 19. Rxc8 Qxc8 20. exd5 Qc3 21. Bf2 Nc5 22. Rc2 Qa5 23. h4 b4 24. h5 Qb5 25. Bd4 Qd3 26. Qxd3 Nxd3 27. Rc4 Rb8 28. hxg6 hxg6 29. Bxg7 Kxg7 30. Kf1 Nc5 31. Ke2 Ra8 32. Rc2 Ra3 33. Bf3 Kf6 34. Ke3 Na4 35. Rc4 Nc5 36. Rc2 Na4 37. Rc4 Nc3 38. Rxb4 Nxa2 39. Rb7 Nc1 40. Bd1 Ra1 41. Bc2 Ra5 42. b4 Ra3+ 43. Kd2 Nb3+ 44. Bxb3 Rxb3 45. g4 g5 46. Kc2 Rg3 47. fxg5+ Ke5 48. Rxe7+ Kxd5 49. Rxf7 Rxg4 50. Rf5+ Ke6 51. Rb5 d5 52. g6 Kd6 53. Kc3 Kc6 54. Rc5+ Kb6 55. Rxd5 Rxg6 1/2-1/2

[Event "NRW Class2 1314"]
[Site "Germany"]
[Date "2013.11.17"]
[Round "3.6"]
[White "Quelle, Helmut"]
[Black "Pfleger, Sascha"]
[Result "1-0"]
[WhiteElo "2084"]
[BlackElo "2004"]
[PlyCount "111"]
[EventDate "2013.09.15"]
[EventType "team-tourn"]
[EventRounds "9"]
[EventCountry "GER"]
[SourceTitle "EXT 2015"]
[Source "ChessBase"]
[SourceDate "2014.11.20"]
[SourceVersion "1"]
[SourceVersionDate "2014.11.20"]
[SourceQuality "1"]
[WhiteTeam "Herford"]
[BlackTeam "Letmathe"]
[WhiteTeamCountry "GER"]
[BlackTeamCountry "GER"]

1. Nf3 c5 2. g3 b6 3. Bg2 Bb7 4. 0-0 Nf6 5. c4 Nc6 6. Nc3 e6 7. e4 e5 8. d3 Be7 9. a3 0-0 10. Rb1 Ne8 11. Nd5 d6 12. b4 Nd4 13. Nxd4 exd4 14. f4 Nc7 15. Bd2 Nxd5 16. cxd5 Qd7 17. Qb3 Rfd8 18. a4 Rac8 19. a5 Rc7 20. axb6 axb6 21. bxc5 dxc5 22. Qxb6 c4 23. Ba5 Rdc8 24. Qb2 c3 25. Qc2 Rc5 26. Bb6 Ra8 27. Bxc5 Bxc5 28. Rb3 Qa4 29. Rfb1 Bc8 30. Bf3 h6 31. Bd1 Kh7 32. Rb8 Rxb8 33. Rxb8 Qa6 34. Be2 Bd7 35. Rb1 Qa3 36. Bd1 Qa6 37. e5 Bf5 38. Be2 Qc4 39. d6 Qd5 40. Kf2 Bd7 41. Bf3 Qe6 42. Ra1 g6 43. Qa2 Qe8 44. Qc4 Bb6 45. Ra8 Be6 46. Rxe8 Bxc4 47. Bd1 Bxd3 48. d7 Bf5 49. d8Q Bxd8 50. Rxd8 d3 51. Ke3 c2 52. Kd2 cxd1Q+ 53. Kxd1 g5 54. Rd6 gxf4 55. gxf4 Kg7 56. Kd2 1-0

[Event "NRW Class2 1314"]
[Site "Germany"]
[Date "2013.09.15"]
[Round "1.6"]
[White "Quelle, Helmut"]
[Black "Wagner, Alexej"]
[Result "0-1"]
[WhiteElo "2084"]
[BlackElo "2232"]
[PlyCount "150"]
[EventDate "2013.09.15"]
[EventType "team-tourn"]
[EventRounds "9"]
[EventCountry "GER"]
[SourceTitle "EXT 2015"]
[Source "ChessBase"]
[SourceDate "2014.11.20"]
[SourceVersion "1"]
[SourceVersionDate "2014.11.20"]
[SourceQuality "1"]
[WhiteTeam "Herford"]
[BlackTeam "Lippstadt Turm"]
[WhiteTeamCountry "GER"]
[BlackTeamCountry "GER"]

1. Nf3 d5 2. g3 Nf6 3. Bg2 c6 4. c4 dxc4 5. Qc2 Qd5 6. Na3 g6 7. Nxc4 Bg7 8. d3 0-0 9. h3 Nbd7 10. e4 Qb5 11. a4 Qa6 12. Ra3 Nb6 13. Ne3 Nbd7 14. 0-0 Qa5 15. Bd2 Qc7 16. d4 Ne8 17. Rc1 Nb8 18. b4 Bd7 19. Nc4 Qc8 20. Kh2 Na6 21. Nfe5 Nac7 22. Be3 Be6 23. Nd3 Qd8 24. Nc5 Bc8 25. Qd2 Nd6 26. Ne5 Ne6 27. f4 Kh8 28. Qa2 Qe8 29. d5 cxd5 30. exd5 Nd8 31. Ne4 Bf5 32. Nc5 Bc8 33. Rac3 b6 34. Nb3 Bb7 35. Nc4 Bxc3 36. Rxc3 Nxc4 37. Rxc4 f6 38. Nd4 Rc8 39. Nb5 a6 40. Rxc8 Bxc8 41. Nc7 Qd7 42. Na8 b5 43. Nb6 Qc7 44. axb5 axb5 45. Qe2 Bd7 46. Bc5 Re8 47. Na8 Qb7 48. d6 exd6 49. Qb2 Bc6 50. Qxf6+ Qg7 51. Qxd6 Bxg2 52. Bd4 Bxa8 53. Bxg7+ Kxg7 54. Qd7+ Kf8 55. Qd6+ Kg8 56. Qd7 Bc6 57. Qd6 Bf3 58. Kg1 Nf7 59. Qd7 Rb8 60. Kf2 Bh1 61. Qc7 Rb7 62. Qc8+ Kg7 63. g4 Nd6 64. Qd8 Nc4 65. Qd4+ Kf7 66. g5 Ke6 67. Qf6+ Kd5 68. Kg1 Be4 69. Qd8+ Nd6 70. Kf2 Ra7 71. Qb6 Ra2+ 72. Ke1 Rc2 73. Qd8 Rc6 74. Qg8+ Kd4 75. Qxh7 Ke3 0-1

[Event "NRW Class2 1213"]
[Site "Germany"]
[Date "2013.04.07"]
[Round "8.6"]
[White "Quelle, Helmut"]
[Black "Auer, Martin"]
[Result "1/2-1/2"]
[WhiteElo "2106"]
[BlackElo "2172"]
[PlyCount "128"]
[EventDate "2012.09.16"]
[EventType "team-tourn"]
[EventRounds "9"]
[EventCountry "GER"]
[SourceTitle "EXT 2017"]
[Source "ChessBase"]
[SourceDate "2016.10.25"]
[SourceVersion "1"]
[SourceVersionDate "2016.10.25"]
[SourceQuality "1"]
[WhiteTeam "Herford"]
[BlackTeam "Solingen III"]
[WhiteTeamCountry "GER"]
[BlackTeamCountry "GER"]

1. Nf3 Nf6 2. g3 b6 3. Bg2 Bb7 4. 0-0 c5 5. c4 e6 6. Nc3 Be7 7. Re1 d6 8. e4 Nbd7 9. d4 cxd4 10. Nxd4 Qc7 11. Be3 Rc8 12. Rc1 0-0 13. f4 Rfe8 14. b3 Qb8 15. Bf2 Qa8 16. Re3 a6 17. Qe2 Bf8 18. Rd1 g6 19. Nc2 b5 20. cxb5 axb5 21. b4 Nb6 22. Red3 Nc4 23. Rb1 e5 24. fxe5 Nxe5 25. Bd4 Nxd3 26. Bxf6 Ne5 27. Rb3 d5 28. Nd4 Nd7 29. Bg5 dxe4 30. Ndxb5 Nb6 31. Ra3 Ba6 32. Nxe4 Nd5 33. Qf2 Qb8 34. Rxa6 Qxb5 35. Ra5 Qxb4 36. Rxd5 Qb1+ 37. Qf1 Qb6+ 38. Qf2 Qxf2+ 39. Kxf2 Rc2+ 40. Rd2 Rec8 41. a4 Bb4 42. Re2 Rxe2+ 43. Kxe2 Rc2+ 44. Nd2 Kg7 45. Kd1 Rc3 46. Nb1 Rc4 47. Bf1 Rc5 48. Bd2 Rd5 49. Bc4 Rd4 50. Bb5 h5 51. Kc2 Bxd2 52. Nxd2 g5 53. Kc3 Rd5 54. Nf3 h4 55. Nd4 f5 56. a5 f4 57. a6 fxg3 58. hxg3 h3 59. Bc4 Ra5 60. Nf3 Ra3+ 61. Kb4 Rxf3 62. a7 h2 63. a8Q h1Q 64. Qg8+ Kf6 1/2-1/2

[Event "NRW Class2 1112"]
[Site "Germany"]
[Date "2012.02.05"]
[Round "6.6"]
[White "Quelle, Helmut"]
[Black "Rosen, Willy"]
[Result "0-1"]
[WhiteElo "2100"]
[BlackElo "2221"]
[PlyCount "134"]
[EventDate "2011.09.18"]
[EventType "team-tourn"]
[EventRounds "9"]
[EventCountry "GER"]
[SourceTitle "EXT 2015"]
[Source "ChessBase"]
[SourceDate "2014.11.20"]
[SourceVersion "1"]
[SourceVersionDate "2014.11.20"]
[SourceQuality "1"]
[WhiteTeam "Herford"]
[BlackTeam "Katernberg II"]
[WhiteTeamCountry "GER"]
[BlackTeamCountry "GER"]

1. Nf3 Nf6 2. g3 c5 3. Bg2 Nc6 4. d4 cxd4 5. Nxd4 Qb6 6. Nb3 e6 7. 0-0 d5 8. Nc3 Bb4 9. Be3 Qd8 10. Bd2 0-0 11. a3 Be7 12. e4 dxe4 13. Nxe4 Nxe4 14. Bxe4 Bf6 15. c3 Qc7 16. Qc2 g6 17. Bh6 Rd8 18. Rad1 Bd7 19. Nc5 Be8 20. Bg2 Be7 21. Be3 Rxd1 22. Rxd1 Rd8 23. Rxd8 Nxd8 24. Nd3 Bc6 25. Bf4 Bd6 26. Bxc6 Nxc6 27. Qa4 e5 28. Bg5 Kg7 29. Qh4 Be7 30. Bh6+ Kg8 31. Qe4 Qd6 32. h4 Qe6 33. b4 f5 34. Qe3 e4 35. b5 Nd8 36. Nc5 Qd5 37. Qd4 Qxd4 38. cxd4 b6 39. Nd7 Bxa3 40. d5 Kf7 41. Ne5+ Ke8 42. Nc4 Bc5 43. Bf4 Kd7 44. Ne5+ Kc8 45. g4 fxg4 46. Nxg4 Bd4 47. Kf1 Nf7 48. Ke2 h5 49. Nh2 Kd7 50. f3 exf3+ 51. Nxf3 Bf6 52. Kd3 Nd6 53. Be5 Ke7 54. Bxf6+ Kxf6 55. Nd4 Ke5 56. Nc6+ Kxd5 57. Nxa7 Nf5 58. Nc8 Kc5 59. Ke4 Kxb5 60. Kf4 Nxh4 61. Kg5 Nf3+ 62. Kxg6 h4 63. Kh5 h3 64. Nd6+ Kc5 65. Nf5 h2 66. Ng3 Kd4 67. Kg4 Ng1 0-1

[Event "NRW Class2 1112"]
[Site "Germany"]
[Date "2012.01.08"]
[Round "5.5"]
[White "Quelle, Helmut"]
[Black "Korb, Andreas"]
[Result "1-0"]
[WhiteElo "2100"]
[BlackElo "2003"]
[PlyCount "83"]
[EventDate "2011.09.18"]
[EventType "team-tourn"]
[EventRounds "9"]
[EventCountry "GER"]
[SourceTitle "EXT 2015"]
[Source "ChessBase"]
[SourceDate "2014.11.20"]
[SourceVersion "1"]
[SourceVersionDate "2014.11.20"]
[SourceQuality "1"]
[WhiteTeam "Herford"]
[BlackTeam "Sendenhorst"]
[WhiteTeamCountry "GER"]
[BlackTeamCountry "GER"]

1. Nf3 Nc6 2. d4 d5 3. Bf4 Bg4 4. e3 e6 5. Be2 Bd6 6. c3 Nge7 7. Nbd2 Ng6 8. Bxd6 cxd6 9. h3 Bf5 10. c4 dxc4 11. e4 Nf4 12. exf5 d5 13. g3 Nxe2 14. Qxe2 Qb6 15. fxe6 0-0 16. 0-0 Qxb2 17. Qe3 Qc2 18. exf7+ Rxf7 19. Ne5 Re7 20. f4 b5 21. Ndf3 b4 22. Ng5 Rd8 23. Rf2 Qf5 24. Qd2 Nxe5 25. fxe5 Qg6 26. Kh2 c3 27. Qe3 h6 28. Nf3 Qe4 29. Re2 Rf7 30. Qxe4 dxe4 31. Ne1 Rxd4 32. Nc2 Rd2 33. Rxd2 cxd2 34. Rd1 Rd7 35. e6 Rd6 36. Kg2 a5 37. Kf2 Rd3 38. Ne3 Rd6 39. e7 Kf7 40. Ke2 Re6 41. Nd5 e3 42. Rf1+ 1-0

[Event "NRW Class2 0910"]
[Site "Germany"]
[Date "2010.02.01"]
[Round "6.4"]
[White "Messarius, Juergen"]
[Black "Quelle, Helmut"]
[Result "1-0"]
[WhiteElo "2204"]
[BlackElo "2175"]
[PlyCount "77"]
[EventDate "2009.09.20"]
[EventType "team-tourn"]
[EventRounds "9"]
[EventCountry "GER"]
[SourceTitle "EXT 2011"]
[Source "ChessBase"]
[SourceDate "2010.11.26"]
[SourceVersion "1"]
[SourceVersionDate "2010.11.26"]
[SourceQuality "1"]
[WhiteTeam "Iserlohn Koenigsspringer"]
[BlackTeam "Herford"]
[WhiteTeamCountry "GER"]
[BlackTeamCountry "GER"]

1. e4 e6 2. d4 d5 3. Nd2 Be7 4. Bd3 c5 5. dxc5 Nf6 6. Qe2 Nc6 7. Ngf3 0-0 8. c3 a5 9. 0-0 Nd7 10. exd5 exd5 11. Bc2 Nxc5 12. Rd1 Bg4 13. Nb3 Re8 14. Be3 Ne5 15. Nbd4 Ne6 16. Ba4 Nxd4 17. Rxd4 Bxf3 18. gxf3 Nc6 19. Rd2 Bc5 20. Rad1 Qh4 21. f4 Re6 22. Qf3 Rg6+ 23. Kf1 d4 24. cxd4 Bb4 25. Rc2 Qxh2 26. Ke2 Rg1 27. Rcc1 Rxd1 28. Rxd1 Qh6 29. Bc2 Qf6 30. Qe4 g6 31. d5 Ne7 32. Qe5 Qxe5 33. fxe5 Rc8 34. Be4 f5 35. exf6 Nf5 36. Bxf5 gxf5 37. d6 Rc2+ 38. Kd3 Rc6 39. d7 1-0

[Event "NRW Class2 0910"]
[Site "Germany"]
[Date "2009.12.20"]
[Round "4.5"]
[White "Scheffner, Axel"]
[Black "Quelle, Helmut"]
[Result "1-0"]
[WhiteElo "2300"]
[BlackElo "2175"]
[PlyCount "79"]
[EventDate "2009.09.20"]
[EventType "team-tourn"]
[EventRounds "9"]
[EventCountry "GER"]
[SourceTitle "EXT 2011"]
[Source "ChessBase"]
[SourceDate "2010.11.26"]
[SourceVersion "1"]
[SourceVersionDate "2010.11.26"]
[SourceQuality "1"]
[WhiteTeam "Solingen SG III"]
[BlackTeam "Herford"]
[WhiteTeamCountry "GER"]
[BlackTeamCountry "GER"]

1. d4 Nf6 2. c4 g6 3. Nc3 Bg7 4. e4 d6 5. Be2 0-0 6. Bg5 h6 7. Be3 e5 8. d5 c6 9. g4 cxd5 10. cxd5 Qa5 11. f3 a6 12. a3 Nbd7 13. Qd2 b5 14. b4 Qd8 15. h4 h5 16. Nh3 Bb7 17. a4 bxa4 18. g5 Ne8 19. Nxa4 Nc7 20. Nc3 Qe7 21. 0-0 Rfb8 22. Kg2 Bc8 23. Rfb1 Nf8 24. Bd3 f5 25. Qc2 f4 26. Bf2 Bd7 27. Qe2 Qe8 28. Ra5 Qc8 29. Ng1 Qb7 30. Qa2 Bb5 31. Bxb5 axb5 32. Ra7 Rxa7 33. Qxa7 Nd7 34. Qxb7 Rxb7 35. Ra1 Bf8 36. Nge2 Be7 37. Nc1 Bd8 38. Nb3 Nb8 39. Na5 Nxd5 40. Nxb7 1-0

[Event "NRW Class2 0809"]
[Site "Germany"]
[Date "2009.03.01"]
[Round "7.5"]
[White "Scharnowski, Tobias"]
[Black "Quelle, Helmut"]
[Result "1/2-1/2"]
[WhiteElo "2129"]
[BlackElo "2184"]
[PlyCount "53"]
[EventDate "2008.09.21"]
[EventType "team-tourn"]
[EventRounds "9"]
[EventCountry "GER"]
[SourceTitle "EXT 2010"]
[Source "ChessBase"]
[SourceDate "2010.11.25"]
[SourceVersion "1"]
[SourceVersionDate "2010.11.25"]
[SourceQuality "1"]
[WhiteTeam "Guetersloh"]
[BlackTeam "Herford"]
[WhiteTeamCountry "GER"]
[BlackTeamCountry "GER"]

1. e4 e6 2. d4 d5 3. Nc3 Nf6 4. Bg5 Be7 5. e5 Nfd7 6. h4 c5 7. Bxe7 Kxe7 8. Qg4 Kf8 9. Nf3 Nc6 10. dxc5 Ndxe5 11. Nxe5 Nxe5 12. Qg3 Nc6 13. 0-0-0 Qe7 14. Qd6 Bd7 15. Bb5 Rd8 16. Qxe7+ Nxe7 17. Rhe1 Bxb5 18. Nxb5 a6 19. Nd4 Rc8 20. b4 h5 21. Kb2 Rh6 22. Re5 Ng6 23. Rg5 Nxh4 24. Rh1 Ng6 25. Rgxh5 Rxh5 26. Rxh5 Ke7 27. g3 1/2-1/2

[Event "NRW Class2 0809"]
[Site "Germany"]
[Date "2009.01.04"]
[Round "5.5"]
[White "Scheffner, Axel"]
[Black "Quelle, Helmut"]
[Result "1/2-1/2"]
[WhiteElo "2306"]
[BlackElo "2184"]
[PlyCount "47"]
[EventDate "2008.09.21"]
[EventType "team-tourn"]
[EventRounds "9"]
[EventCountry "GER"]
[SourceTitle "EXT 2010"]
[Source "ChessBase"]
[SourceDate "2010.11.25"]
[SourceVersion "1"]
[SourceVersionDate "2010.11.25"]
[SourceQuality "1"]
[WhiteTeam "Solingen III"]
[BlackTeam "Herford"]
[WhiteTeamCountry "GER"]
[BlackTeamCountry "GER"]

1. d4 Nf6 2. c4 g6 3. Nc3 Bg7 4. e4 d6 5. Bg5 h6 6. Bf4 c6 7. Be2 Nbd7 8. e5 dxe5 9. dxe5 Nh7 10. Nf3 Nhf8 11. Rc1 Ne6 12. Bg3 Qa5 13. 0-0 Nxe5 14. Nxe5 Bxe5 15. b4 Qc7 16. Nd5 cxd5 17. cxd5 Qd6 18. Bb5+ Kf8 19. Bxe5 Qxe5 20. Re1 Qd6 21. dxe6 Qxd1 22. Rexd1 Bxe6 23. Rc7 Kg7 24. Rxe7 1/2-1/2

[Event "NRW Class2 0506"]
[Site "Germany"]
[Date "2005.12.04"]
[Round "4.4"]
[White "Dahm, Jochen"]
[Black "Quelle, Helmut"]
[Result "1-0"]
[WhiteElo "2253"]
[BlackElo "2197"]
[PlyCount "75"]
[EventDate "2005.09.25"]
[EventType "team"]
[EventRounds "9"]
[EventCountry "GER"]
[SourceTitle "EXT 2006"]
[Source "ChessBase"]
[SourceDate "2005.11.24"]
[SourceVersion "1"]
[SourceVersionDate "2005.11.24"]
[SourceQuality "1"]
[WhiteTeam "Bochum 31 II"]
[BlackTeam "Herford"]
[WhiteTeamCountry "GER"]
[BlackTeamCountry "GER"]

1. e4 e6 2. d4 d5 3. Nc3 Nf6 4. Bg5 Be7 5. e5 Nfd7 6. h4 c5 7. Bxe7 Kxe7 8. dxc5 Nc6 9. f4 Qa5 10. Nf3 Nxc5 11. Qd2 Na4 12. Nxa4 Qxa4 13. h5 h6 14. c3 Rd8 15. Bd3 b5 16. Bc2 Qa5 17. Nd4 Qb6 18. g4 Bd7 19. 0-0-0 a5 20. g5 b4 21. f5 exf5 22. gxh6 Nxd4 23. Qg5+ Ke6 24. hxg7 Ne2+ 25. Kb1 Kxe5 26. Rhe1 Be6 27. Rxe2+ Kd6 28. c4 d4 29. Bxf5 Qc5 30. Qf4+ Ke7 31. Bxe6 fxe6 32. h6 Qxc4 33. Qh4+ Kf7 34. Rf1+ Kg8 35. h7+ Kxg7 36. Qf6+ Kxh7 37. Rh2+ Kg8 38. Rh8# 1-0

[Event "NRW Class1 0304"]
[Site "Germany"]
[Date "2004.04.25"]
[Round "9.4"]
[White "Schockenbaeumer, Dirk"]
[Black "Quelle, Helmut"]
[Result "0-1"]
[WhiteElo "2204"]
[BlackElo "2179"]
[PlyCount "70"]
[EventDate "2003.09.28"]
[EventType "team"]
[EventRounds "9"]
[EventCountry "GER"]
[SourceTitle "CBM 098 Extra"]
[Source "ChessBase"]
[SourceDate "2004.03.10"]
[SourceVersion "2"]
[SourceVersionDate "2004.03.10"]
[SourceQuality "1"]
[WhiteTeam "Solingen III"]
[BlackTeam "Herford"]
[WhiteTeamCountry "GER"]
[BlackTeamCountry "GER"]

1. e4 e6 2. d4 d5 3. Nc3 Nf6 4. e5 Nfd7 5. f4 c5 6. Nf3 Nc6 7. Be3 a6 8. Qd2 b5 9. dxc5 Bxc5 10. Bxc5 Nxc5 11. Bd3 Qb6 12. Qf2 b4 13. Ne2 a5 14. 0-0 Ba6 15. Bxa6 Rxa6 16. Ned4 Ne4 17. Qe3 0-0 18. Rfe1 Nxd4 19. Qxd4 Rc8 20. Qxb6 Rxb6 21. Nd4 a4 22. Re3 h5 23. Rd1 a3 24. bxa3 Rc3 25. Rdd3 bxa3 26. h4 Rc4 27. Nf3 Rb1+ 28. Re1 Rb2 29. Rxa3 Rcxc2 30. Ra8+ Kh7 31. Ng5+ Nxg5 32. fxg5 Rxg2+ 33. Kh1 Rh2+ 34. Kg1 Rbg2+ 35. Kf1 Rxa2 0-1